00529nam a22001697a 450000500170000001000150001702000270003203500140005903700130007308200170008610000140010324500650011726000400018227000770022230000210029950000390032020180829153040.0 aENG-123791 a9789383316755c1295.00 aEN-107323 bDBAD/PUB a327.17209581 aRoy, D.N. aChallenges of peace building in:cby D.N. Roybafghanistan / aNew DelhibGaurav Book Centrec2017 a4832/24, Prahlad Lane, S-207, Ansari Road, Daryaganj,bNew Delhie110002 a328p.c22cm.(Hb) aIt includes bibliography and index